00391nam a2200157 a 45000010005000000030009000050080041000140400028000550820015000831000020000982450025001182600028001433000008001714900034001796500020002133822CO-ViMGA141112s2004 ck r 000 u spa d aCO-ViMGAbspacCO-ViMGA04a573.2 D1781 aDarwin, Charles10aEl origen del hombre aMadrid : bM.E., c1995 a2 v aClásicos de siempre, 75, 7614aHOMBRE - ORIGEN